000
00304cam a2200109ua 4500
082
_a
338.476 655
_b
YER/IN
100
_a
Yershev, Y .
_9
1795
245
_a
India Swathanthriyavum Ennayum /
260
_a
Kottayam :
_b
Prabhatham Printing and Publishing Co. Pvt. Ltd. ,
_c
1966.
300
_a
403 ; .
942
_c
BK
999
_c
966
_d
966